[Event "II Open Alfa Lum A"]
[Site "Cagliari ITA"]
[Date "2010.09.05"]
[Round "5"]
[White "Massa, Gianluca"]
[Black "Pani, Silvio"]
[Result "0-1"]
[WhiteElo "1691"]
[BlackElo "1401"]
[PlyCount "96"]
[EventDate "2010.09.03"]

1. d4 d5 2. c4 Nf6 3. cxd5 Nxd5 4. e4 Nf6 5. Nc3 e6 6. Nf3 Bb4 7. Qc2 Nc6 8. a3
Ba5 9. Bb5 Bd7 10. O-O Bxc3 11. bxc3 O-O 12. Bd3 h6 13. Bd2 Re8 14. c4 e5 15.
d5 Nd4 16. Nxd4 exd4 17. h3 c5 18. a4 Qc8 19. f4 Bxh3 20. e5 Qg4 21. Be1 Nh5
22. Bf5 Qxf5 23. Qxf5 Bxf5 24. Bd2 Bd3 25. Rfc1 Ng3 26. Kh2 Ne2 27. Re1 Bxc4
28. d6 Rad8 29. Rac1 Nxc1 30. Rxc1 b5 31. axb5 Bxb5 32. Rxc5 a6 33. Ba5 Rd7 34.
f5 d3 35. Kg3 f6 36. e6 Rxd6 37. Bd2 Rc6 38. Rd5 Rc2 39. Bb4 Rb2 40. Ba5 Rb3
41. Kf2 Rb2+ 42. Ke3 Re2+ 43. Kf4 g5+ 44. fxg6 R2xe6 45. Kg4 Re2 46. Bc3 Rxg2+
47. Kf4 Rxg6 48. Kf5 Rg5+ 0-1

[Event "II Open Alfa Lum A"]
[Site "Cagliari ITA"]
[Date "2010.09.05"]
[Round "5"]
[White "Melis, Daniele"]
[Black "Toniolo, Massimo"]
[Result "0-1"]
[WhiteElo "1455"]
[BlackElo "1760"]
[PlyCount "51"]
[EventDate "2010.09.03"]

1. e4 c5 2. Nf3 e6 3. Nc3 Nc6 4. d4 cxd4 5. Nxd4 Qc7 6. Ndb5 Qb8 7. f4 a6 8.
Nd4 d6 9. Be3 Nf6 10. Nb3 b5 11. Be2 Be7 12. Bf3 Bb7 13. Qd2 O-O 14. g4 Qc7 15.
h4 Rfd8 16. g5 Nd7 17. O-O-O Nc5 18. Qg2 Nxb3+ 19. axb3 Nb4 20. h5 Rac8 21. g6
fxg6 22. hxg6 h6 23. Qh2 Bf6 24. f5 Bxc3 25. bxc3 Qxc3 26. Bxh6 0-1

[Event "II Open Alfa Lum A"]
[Site "Cagliari ITA"]
[Date "2010.09.05"]
[Round "5"]
[White "Nessi, Davide"]
[Black "Carucci, Bruno"]
[Result "1-0"]
[WhiteElo "1785"]
[BlackElo "1576"]
[PlyCount "87"]
[EventDate "2010.09.03"]

1. e4 Nf6 2. e5 Nd5 3. d4 d6 4. Nf3 Bg4 5. Be2 dxe5 6. dxe5 e6 7. O-O Be7 8. h3
Bh5 9. Nbd2 O-O 10. Ne4 a6 11. Neg5 Nc6 12. g4 Bg6 13. Bd3 Bxd3 14. Qxd3 g6 15.
a3 Nb6 16. Qe2 Qd5 17. Rd1 Qc5 18. Be3 Qb5 19. Qxb5 axb5 20. Bxb6 cxb6 21. Ne4
b4 22. Rd7 bxa3 23. bxa3 Bxa3 24. Rxb7 Bc5 25. Rxa8 Rxa8 26. Nd6 Ra7 27. Rxa7
Nxa7 28. Ng5 Bxd6 29. exd6 Kf8 30. Nxh7+ Ke8 31. Ng5 Nc6 32. Kf1 Nd8 33. Ke2
Kf8 34. Kd3 Kg7 35. Kc4 Kf6 36. h4 Nc6 37. Kb5 Ne5 38. Kxb6 Nd7+ 39. Kc7 Nc5
40. d7 Na6+ 41. Kc8 Ke5 42. Nxf7+ Kf4 43. d8=Q Nc5 44. Qd6+ 1-0

[Event "II Open Alfa Lum A"]
[Site "Cagliari ITA"]
[Date "2010.09.05"]
[Round "5"]
[White "Pani, Giovanni"]
[Black "Murtas, Gianvito"]
[Result "0-1"]
[WhiteElo "1434"]
[BlackElo "1781"]
[PlyCount "48"]
[EventDate "2010.09.03"]

1. e4 c5 2. Nf3 d6 3. d4 cxd4 4. Nxd4 Nf6 5. Nc3 a6 6. Bc4 e6 7. a4 Be7 8. O-O
Qc7 9. Bd3 Bd7 10. Bd2 Nc6 11. Nce2 Ne5 12. Rc1 h5 13. Nf4 g5 14. Nh3 g4 15.
Ng5 O-O-O 16. Qe2 Rdg8 17. Bxa6 bxa6 18. Qxa6+ Qb7 19. Qe2 h4 20. f4 gxf3 21.
Ngxf3 Neg4 22. e5 dxe5 23. Nxe5 Nxe5 24. Qxe5 Qxg2# 0-1

[Event "II Open Alfa Lum A"]
[Site "Cagliari ITA"]
[Date "2010.09.05"]
[Round "5"]
[White "Pannella, Antonello"]
[Black "Porru, Giambattista"]
[Result "0-1"]
[WhiteElo "1535"]
[BlackElo "1518"]
[PlyCount "113"]
[EventDate "2010.09.03"]

1. c4 g6 2. Nc3 Nf6 3. e4 e5 4. Nf3 d6 5. d3 Nc6 6. Bg5 Bg7 7. Qd2 Bg4 8. Be2
Bxf3 9. Bxf3 Nd4 10. Be2 Qd7 11. h3 h6 12. Bxf6 Bxf6 13. Bg4 Qc6 14. Ne2 Bg5
15. Qc3 Qc5 16. b4 Qxb4 17. Qxb4 Nc2+ 18. Kd1 Nxb4 19. h4 Bf6 20. Kd2 h5 21.
Bf3 O-O-O 22. a3 Na6 23. g3 Nc5 24. Rab1 Bg7 25. Kc2 f5 26. Nc3 Rhf8 27. Rhf1
fxe4 28. Bxe4 Nxe4 29. Nxe4 d5 30. Ng5 dxc4 31. dxc4 Rd4 32. Kb3 Rd3+ 33. Ka2
Rf6 34. Rb3 Rd4 35. c5 Rc6 36. Kb1 Bf8 37. Rc1 Bxc5 38. Rbc3 Bxa3 39. Rxc6 bxc6
40. Rxc6 Bd6 41. Rc2 Kd7 42. Ra2 Bc5 43. Kc2 Bb6 44. Nf7 Rd5 45. Kb3 e4 46. Re2
Rb5+ 47. Kc4 Rc5+ 48. Kb3 Rb5+ 49. Kc4 Rc5+ 50. Kb3 Rf5 51. Ng5 Bxf2 52. Nxe4
Bxg3 53. Rd2+ Kc8 54. Rc2 Rf3+ 55. Ka2 Bxh4 56. Nd6+ Kd7 57. Nf7 0-1

[Event "II Open Alfa Lum A"]
[Site "Cagliari ITA"]
[Date "2010.09.05"]
[Round "5"]
[White "Pannella, Leopoldo"]
[Black "Mallo', Danilo"]
[Result "1/2-1/2"]
[WhiteElo "1584"]
[BlackElo "1942"]
[PlyCount "118"]
[EventDate "2010.09.03"]

1. d4 d5 2. c4 c6 3. Nf3 Nf6 4. Nc3 e6 5. e3 Be7 6. Qc2 O-O 7. Bd3 dxc4 8. Bxc4
b5 9. Bd3 Bb7 10. Ne4 Nbd7 11. O-O Rc8 12. Rd1 Qb6 13. Qe2 a6 14. Bd2 c5 15.
dxc5 Nxc5 16. Nxc5 Qxc5 17. Rac1 Qh5 18. h3 Ne4 19. Bxe4 Bxe4 20. Ba5 Bd5 21.
Nd4 Qg6 22. Qg4 Qxg4 23. hxg4 Bxa2 24. Nc6 Bf6 25. b4 Bc4 26. Rd6 Ra8 27. f3
Rfc8 28. e4 Kf8 29. Rcd1 Ke8 30. Kf2 g6 31. Ke3 Bg7 32. g3 Bf8 33. Rd8+ Rxd8
34. Rxd8+ Rxd8 35. Nxd8 Bxb4 36. Bxb4 Kxd8 37. f4 f5 38. gxf5 gxf5 39. exf5
exf5 40. Kd4 Kd7 41. Kc5 Ke6 42. Kd4 h5 43. Kc5 Bd3 44. Kd4 Be4 45. Kc5 Bf3 46.
Kd4 Kd7 47. Kc5 Kc7 48. Ba5+ Kd7 49. Bb4 Ke6 50. Kd4 Kf6 51. Kc5 Kg6 52. Kd6 h4
53. gxh4 Kh5 54. Kc7 Kxh4 55. Kb6 Be2 56. Kxa6 Kg4 57. Bd6 Kf3 58. Ka5 Ke4 59.
Kb4 Kd4 1/2-1/2

[Event "II Open Alfa Lum A"]
[Site "Cagliari ITA"]
[Date "2010.09.05"]
[Round "5"]
[White "Pompianu, Livio"]
[Black "Dessy, Eugenio"]
[Result "0-1"]
[WhiteElo "1503"]
[BlackElo "1652"]
[PlyCount "146"]
[EventDate "2010.09.03"]

1. d4 Nf6 2. c4 g6 3. Nc3 Bg7 4. e3 d6 5. Nf3 O-O 6. Be2 Nbd7 7. O-O e5 8. b3
exd4 9. Nxd4 Nc5 10. Qc2 Re8 11. Bf3 c6 12. Ba3 Rb8 13. Rfd1 Qc7 14. g3 Bg4 15.
Bxg4 Nxg4 16. Bxc5 dxc5 17. Nf3 Nxe3 18. fxe3 Rxe3 19. Rd3 Rbe8 20. Rad1 h5 21.
Rxe3 Rxe3 22. Rd3 Qe7 23. Qd2 Bh6 24. Qd1 g5 25. Kg2 g4 26. Nh4 Re5 27. Rd8+
Kg7 28. Qd7 Re2+ 29. Kf1 Re1+ 30. Kg2 Qxd7 31. Rxd7 Kf6 32. Rd6+ Kg5 33. Rd7
Kf6 34. Rxb7 Be3 35. h3 Bd4 36. Na4 Re2+ 37. Kf1 Rxa2 38. hxg4 hxg4 39. Rxa7
Rf2+ 40. Ke1 Rh2 41. Nb6 Bf2+ 42. Kf1 Bxg3 43. Ng2 Rh1+ 44. Ke2 Kg6 45. Ne3 f5
46. Rd7 Re1+ 47. Kd2 Rb1 48. Rd3 Bf2 49. Na4 g3 50. Ng2 Rg1 51. Nf4+ Kf7 52.
Rd6 Rh1 53. Rxc6 Rh2 54. Nxc5 Bxc5+ 55. Kd3 Be7 56. Rc7 g2 57. Nxg2 Rxg2 58. c5
Rg6 59. b4 f4 60. Ra7 Ke6 61. Ra6+ Kf5 62. Rxg6 Kxg6 63. c6 Bd8 64. Ke4 Kg5 65.
Kf3 Bc7 66. Kf2 Kg4 67. Kg2 f3+ 68. Kf2 Bb6+ 69. Kf1 Kg3 70. b5 Bc7 71. Kg1
Bb6+ 72. Kf1 f2 73. Ke2 Kg2 0-1

[Event "II Open Alfa Lum A"]
[Site "Cagliari ITA"]
[Date "2010.09.05"]
[Round "5"]
[White "Puzzoni, Christian"]
[Black "Saccheri, Fabio"]
[Result "1-0"]
[WhiteElo "2107"]
[BlackElo "1778"]
[PlyCount "106"]
[EventDate "2010.09.03"]

1. e4 e5 2. d4 exd4 3. Nf3 Nc6 4. c3 d3 5. Bxd3 Bc5 6. b4 Bb6 7. b5 Nce7 8. Bg5
d5 9. e5 h6 10. Bc1 Bf5 11. O-O Bxd3 12. Qxd3 Qd7 13. e6 Qd6 14. exf7+ Kxf7 15.
Re1 Nf6 16. Ne5+ Kg8 17. Ba3 Bc5 18. Bxc5 Qxc5 19. Nd2 Rf8 20. Qh3 Ne4 21. Nxe4
dxe4 22. Qe6+ Kh7 23. Nd7 Qxf2+ 24. Kh1 Re8 25. Rf1 Nc8 26. Qb3 Qh4 27. Nf6+
Qxf6 28. Rxf6 Nd6 29. Rf4 Re5 30. c4 Rhe8 31. Re1 b6 32. g4 Kh8 33. Kg2 Rc5 34.
Rc1 Rce5 35. Qe3 Rc5 36. Kf2 Kg8 37. Ke2 Ree5 38. Qd4 Re8 39. Ke3 Ree5 40. a4
Re8 41. Rc3 Ree5 42. Ke2 Re8 43. Kd1 Ree5 44. Kc2 Re8 45. Kb3 Ree5 46. Re3 Re8
47. a5 Ree5 48. a6 Re8 49. Rfxe4 Nxe4 50. Rxe4 Rf8 51. Re1 Rf3+ 52. Kb4 Rf6 53.
Qe4 Rf7 1-0

[Event "II Open Alfa Lum A"]
[Site "Cagliari ITA"]
[Date "2010.09.05"]
[Round "5"]
[White "Rocco, Luciano"]
[Black "Di Pinto, Vincenzo"]
[Result "0-1"]
[WhiteElo "1713"]
[BlackElo "1567"]
[PlyCount "45"]
[EventDate "2010.09.03"]

1. d4 Nf6 2. c4 e6 3. Nc3 Bb4 4. Qc2 d5 5. a3 Be7 6. e3 O-O 7. Nf3 Nbd7 8. Bd3
b6 9. cxd5 exd5 10. O-O c5 11. b3 Bb7 12. Be2 Rc8 13. Bb2 cxd4 14. exd4 Ne4 15.
Qd3 f5 16. Rac1 h5 17. Ne5 Nxe5 18. dxe5 Nc5 19. Qd1 g6 20. f4 Ne6 21. h4 Bc5+
22. Kh2 Be3 23. Rc2 0-1

[Event "II Open Alfa Lum A"]
[Site "Cagliari ITA"]
[Date "2010.09.05"]
[Round "5"]
[White "Sanna, Yuri"]
[Black "Altea, Alessandro"]
[Result "0-1"]
[WhiteElo "1748"]
[BlackElo "1789"]
[PlyCount "68"]
[EventDate "2010.09.03"]

1. e4 c5 2. b4 b6 3. bxc5 bxc5 4. Nc3 Nc6 5. Rb1 g6 6. d3 Bg7 7. Bd2 Nf6 8. f4
d6 9. h3 Nh5 10. Nce2 e5 11. Bc3 Qh4+ 12. g3 Nxg3 13. Nf3 Nxe2+ 14. Nxh4 Nxc3
15. Qc1 Nxb1 16. Qxb1 Rb8 17. Qc1 Be6 18. f5 Bd7 19. Bg2 Bf6 20. Nf3 gxf5 21.
Qh6 Ke7 22. O-O f4 23. Nd2 Nd4 24. Nc4 Rbg8 25. Qh5 Rg5 26. Qd1 Bxh3 27. Ne3
fxe3 28. Qb1 Rxg2+ 29. Kh1 Rhg8 30. Qb7+ Kf8 31. Rxf6 Be6 32. Qb8+ Ke7 33.
Rxf7+ Kxf7 34. Qxa7+ Kf6 0-1

[Event "II Open Alfa Lum A"]
[Site "Cagliari ITA"]
[Date "2010.09.05"]
[Round "5"]
[White "Zuccarelli, Angelo"]
[Black "Neri, Enzo"]
[Result "0-1"]
[WhiteElo "1905"]
[BlackElo "2070"]
[PlyCount "111"]
[EventDate "2010.09.03"]

1. e4 e5 2. Nf3 Nc6 3. Bb5 Bc5 4. c3 Nge7 5. d4 exd4 6. cxd4 Bb4+ 7. Bd2 Bxd2+
8. Qxd2 d5 9. Nc3 O-O 10. exd5 Nxd5 11. O-O Nce7 12. h3 h6 13. Ba4 Bf5 14. a3
Nxc3 15. bxc3 Qd5 16. Ne5 c5 17. f4 Rfd8 18. Rad1 f6 19. Nf3 Qc4 20. Bc2 Bxc2
21. Qxc2 Nd5 22. Rfe1 Qxc3 23. Qxc3 Nxc3 24. Rc1 cxd4 25. Re7 Kf8 26. Rce1 Re8
27. Rxe8+ Rxe8 28. Rxe8+ Kxe8 29. Nxd4 a6 30. Kf2 Nb5 31. Nxb5 axb5 32. Ke3 Kd7
33. Ke4 Ke6 34. g4 g5 35. fxg5 fxg5 36. Kd4 Kd6 37. Ke4 Kc5 38. Kf5 b4 39.
axb4+ Kxb4 40. Kg6 Kc5 41. Kxh6 b5 42. Kxg5 b4 43. h4 b3 44. h5 b2 45. Kh6 b1=Q
46. g5 Qb2 47. Kh7 Qb7+ 48. Kh6 Qc8 49. Kh7 Qd7+ 50. Kh6 Qe8 51. g6 Qh8+ 52.
Kg5 Kd6 53. h6 Qe5+ 54. Kg4 Qf6 55. g7 Qg6+ 56. Kf3 0-1

[Event "II Open Alfa Lum A"]
[Site "Cagliari ITA"]
[Date "2010.09.05"]
[Round "6"]
[White "Camboni, Paolo"]
[Black "Zuccarelli, Angelo"]
[Result "1-0"]
[WhiteElo "1898"]
[BlackElo "1905"]
[PlyCount "135"]
[EventDate "2010.09.03"]

1. d4 d5 2. Bg5 c6 3. Nf3 Qc7 4. e3 e6 5. Bf4 Bd6 6. Bxd6 Qxd6 7. Nbd2 Nf6 8.
Bd3 Nbd7 9. O-O O-O 10. c4 b6 11. Qe2 Bb7 12. Rfd1 Rfe8 13. Rac1 Rac8 14. e4
dxe4 15. Nxe4 Nxe4 16. Bxe4 Nf6 17. Bb1 Qf4 18. Qe5 Qh6 19. c5 Red8 20. b4 b5
21. Qe2 Nd5 22. a3 Qf6 23. Ne5 Rc7 24. Qe4 g6 25. Rd3 Qf4 26. Qe1 Bc8 27. Rcd1
Qh6 28. Rh3 Qg7 29. Qd2 Ne7 30. Rf3 Nf5 31. Bxf5 exf5 32. Rd3 Be6 33. Nxc6 Rxc6
34. d5 Bxd5 35. Rxd5 Rxd5 36. Qxd5 Qf6 37. Qd8+ Kg7 38. Kf1 Ra6 39. Qxf6+ Kxf6
40. Rd3 Ke5 41. Ke2 f4 42. Kd2 g5 43. Kc2 f5 44. Kb3 h5 45. Rd7 h4 46. Rb7 f3
47. gxf3 Kf4 48. Rxb5 Kxf3 49. Ra5 Re6 50. Rxa7 Kxf2 51. Rf7 f4 52. b5 f3 53.
c6 g4 54. c7 Re8 55. b6 g3 56. hxg3 hxg3 57. b7 g2 58. Rg7 g1=Q 59. Rxg1 Kxg1
60. c8=Q f2 61. Qxe8 f1=Q 62. b8=Q Qd1+ 63. Kb4 Qd2+ 64. Ka4 Qd4+ 65. Qb4 Qd1+
66. Ka5 Qd5+ 67. Ka6 Qd3+ 68. Qeb5 1-0

[Event "II Open Alfa Lum A"]
[Site "Cagliari ITA"]
[Date "2010.09.05"]
[Round "6"]
[White "Carucci, Bruno"]
[Black "Pompianu, Livio"]
[Result "1-0"]
[WhiteElo "1576"]
[BlackElo "1503"]
[PlyCount "65"]
[EventDate "2010.09.03"]

1. d4 d5 2. c4 c6 3. e3 Nf6 4. Nc3 e6 5. Nf3 Nbd7 6. Bd3 Bd6 7. O-O Qc7 8. c5
Be7 9. e4 e5 10. dxe5 Nxe5 11. Nxe5 Qxe5 12. exd5 Nxd5 13. Nxd5 cxd5 14. Bb5+
Bd7 15. Bxd7+ Kxd7 16. Re1 Qf5 17. Be3 Rhc8 18. Qa4+ Rc6 19. Rac1 Bd8 20. Qb3
Kc7 21. Red1 Bf6 22. Qxd5 Qxd5 23. Rxd5 Bxb2 24. Rcd1 Rf8 25. Rd7+ Kc8 26. R1d3
Ba3 27. R7d5 Re8 28. Rxa3 a6 29. h3 Ree6 30. Rad3 Re7 31. Bf4 Re1+ 32. Kh2 Rf6
33. Rd8# 1-0

[Event "II Open Alfa Lum A"]
[Site "Cagliari ITA"]
[Date "2010.09.05"]
[Round "6"]
[White "Clementini, Lorenzo"]
[Black "Puzzoni, Christian"]
[Result "0-1"]
[WhiteElo "2063"]
[BlackElo "2107"]
[PlyCount "82"]
[EventDate "2010.09.03"]

1. d4 c5 2. dxc5 e5 3. Nf3 Nc6 4. e4 Bxc5 5. Bc4 Nf6 6. O-O h6 7. Nc3 a6 8. a4
d6 9. h3 O-O 10. Qe2 Be6 11. Nd5 Bxd5 12. Bxd5 Nxd5 13. exd5 Ne7 14. Rd1 Nf5
15. c3 Qf6 16. Kh2 e4 17. Nd4 Nxd4 18. cxd4 Bxd4 19. g3 Qxf2+ 20. Qxf2 Bxf2 21.
Bf4 Bc5 22. b4 Bxb4 23. a5 g5 24. Rab1 Bc5 25. Bc1 Rab8 26. Re1 Rfe8 27. Be3
Bxe3 28. Rxe3 f5 29. Rb4 Re5 30. g4 Rxd5 31. gxf5 Rxa5 32. Rexe4 Rxf5 33. Re7
b5 34. Ra7 Rf2+ 35. Kg3 Rf4 36. Rb3 Rb6 37. Re3 Rf7 38. Ra8+ Kg7 39. Re6 b4 40.
Kg4 Rf4+ 41. Kg3 b3 0-1

[Event "II Open Alfa Lum A"]
[Site "Cagliari ITA"]
[Date "2010.09.05"]
[Round "6"]
[White "Dessy, Eugenio"]
[Black "Pani, Silvio"]
[Result "0-1"]
[WhiteElo "1652"]
[BlackElo "1401"]
[PlyCount "94"]
[EventDate "2010.09.03"]

1. d4 g6 2. c4 e6 3. Nf3 Nf6 4. Bg5 Be7 5. Nc3 d6 6. h3 Bd7 7. Bh6 Nc6 8. e4
Bf8 9. Bxf8 Rxf8 10. Bd3 Nh5 11. Qd2 Qf6 12. d5 Ne5 13. Nxe5 Qxe5 14. O-O Nf4
15. dxe6 Bxe6 16. Qe3 Qg5 17. Qg3 Qxg3 18. fxg3 Nxd3 19. Nd5 Bxd5 20. cxd5
O-O-O 21. b3 Rde8 22. Rf3 Ne5 23. Rf4 f5 24. Raf1 Rf7 25. g4 Ref8 26. gxf5 gxf5
27. exf5 Kd7 28. g4 h6 29. Ra4 a6 30. Kh2 h5 31. Rb4 hxg4 32. hxg4 Nxg4+ 33.
Rxg4 Rxf5 34. Rg7+ Kd8 35. Rc1 Rf2+ 36. Kh3 R2f3+ 37. Kh4 R8f7 38. Rg8+ Rf8 39.
Rxf8+ Rxf8 40. Kg5 Kd7 41. Rh1 Rf7 42. Rh8 c6 43. dxc6+ Kxc6 44. Rh4 Rf2 45.
Rc4+ Kd7 46. a4 b5 47. Kg4 bxc4 0-1

[Event "II Open Alfa Lum A"]
[Site "Cagliari ITA"]
[Date "2010.09.05"]
[Round "6"]
[White "Di Pinto, Vincenzo"]
[Black "Pais, Mario"]
[Result "1/2-1/2"]
[WhiteElo "1567"]
[BlackElo "1745"]
[PlyCount "54"]
[EventDate "2010.09.03"]

1. d4 e5 2. dxe5 Nc6 3. Nf3 Qe7 4. e3 Nxe5 5. Be2 d5 6. O-O Nf6 7. Nbd2 Nxf3+
8. Nxf3 Be6 9. c3 O-O-O 10. Qc2 Qd7 11. Nd4 Bc5 12. b4 Bb6 13. a4 Bxd4 14. exd4
Ne4 15. Bd3 f5 16. b5 g5 17. a5 Kb8 18. Ba3 Nd6 19. Rfb1 Nc4 20. Bc5 h5 21. b6
a6 22. bxc7+ Qxc7 23. Bxc4 dxc4 24. Bb6 Qc6 25. Bxd8 Rxd8 26. Rb6 Qd5 27. Rab1
Qd7 1/2-1/2

[Event "II Open Alfa Lum A"]
[Site "Cagliari ITA"]
[Date "2010.09.05"]
[Round "6"]
[White "Mallo', Danilo"]
[Black "Bulleri, Valentino"]
[Result "1-0"]
[WhiteElo "1942"]
[BlackElo "1584"]
[PlyCount "51"]
[EventDate "2010.09.03"]

1. d4 Nf6 2. c4 c5 3. d5 e6 4. Nc3 exd5 5. cxd5 d6 6. e4 g6 7. Nf3 Bg7 8. Bf4
O-O 9. Bd3 Re8 10. O-O Qc7 11. Nb5 Qd7 12. Nxd6 Rd8 13. h3 Ne8 14. Bb5 Qe7 15.
Nxe8 Bxb2 16. Rb1 Bh8 17. Bg5 f6 18. Nxf6+ Bxf6 19. Bxf6 Qxf6 20. Qb3 Bxh3 21.
e5 Qf5 22. e6 Nc6 23. dxc6 Rd4 24. cxb7 Rb8 25. Nxd4 Qg4 26. Bc6 1-0

[Event "II Open Alfa Lum A"]
[Site "Cagliari ITA"]
[Date "2010.09.05"]
[Round "6"]
[White "Murgia, Elio"]
[Black "Melis, Daniele"]
[Result "1/2-1/2"]
[WhiteElo "1712"]
[BlackElo "1455"]
[PlyCount "65"]
[EventDate "2010.09.03"]

1. d4 d5 2. c4 e5 3. e3 Bb4+ 4. Bd2 Nc6 5. Bxb4 Nxb4 6. a3 Nc6 7. cxd5 Qxd5 8.
Nc3 Qd8 9. Bb5 exd4 10. exd4 Qe7+ 11. Qe2 Qxe2+ 12. Ngxe2 Bd7 13. O-O-O O-O-O
14. Rhe1 Nf6 15. f3 Rhe8 16. d5 Ne5 17. Bxd7+ Nexd7 18. Nf4 Rxe1 19. Rxe1 Re8
20. Rxe8+ Nxe8 21. Nd3 b6 22. b3 Nc5 23. Kc2 Kd7 24. b4 Nxd3 25. Kxd3 c6 26.
dxc6+ Kxc6 27. a4 a6 28. Kd4 Nd6 29. g4 b5 30. axb5+ Nxb5+ 31. Nxb5 axb5 32. h4
Kd6 33. f4 1/2-1/2

[Event "II Open Alfa Lum A"]
[Site "Cagliari ITA"]
[Date "2010.09.05"]
[Round "6"]
[White "Murtas, Gianvito"]
[Black "Nessi, Davide"]
[Result "1-0"]
[WhiteElo "1781"]
[BlackElo "1785"]
[PlyCount "71"]
[EventDate "2010.09.03"]

1. e4 e5 2. Nc3 f5 3. Bc4 Nf6 4. d3 Nc6 5. Bg5 Bc5 6. Nd5 Kf8 7. Nxf6 gxf6 8.
Qh5 d5 9. Bxd5 Qe8 10. Qh6+ Ke7 11. Bxf6+ Kd7 12. Nf3 Rf8 13. Qxh7+ Kd6 14.
Bxc6 bxc6 15. Bxe5+ Ke6 16. Qxc7 Qe7 17. Qxc6+ Kf7 18. h4 Rd8 19. Ng5+ Kf8 20.
Bf6 Qd6 21. Qxd6+ Rxd6 22. Be5 Rh6 23. d4 Bb6 24. O-O-O fxe4 25. Nxe4 Bf5 26.
Nf6 Rc8 27. c3 Rc6 28. g4 Bc8 29. g5 Rg6 30. f4 Rgxf6 31. Bxf6 Rxf6 32. gxf6
Kf7 33. Rde1 Kxf6 34. h5 Bc7 35. Ref1 Kf5 36. h6 1-0

[Event "II Open Alfa Lum A"]
[Site "Cagliari ITA"]
[Date "2010.09.05"]
[Round "6"]
[White "Neri, Enzo"]
[Black "Altea, Giovanni"]
[Result "1-0"]
[WhiteElo "2070"]
[BlackElo "1850"]
[PlyCount "59"]
[EventDate "2010.09.03"]

1. d4 Nf6 2. c4 Nc6 3. Nf3 e6 4. a3 Be7 5. Nc3 d5 6. Bf4 a6 7. c5 O-O 8. e3 Nh5
9. Ne5 Nxf4 10. exf4 f6 11. Nf3 e5 12. dxe5 d4 13. Ne4 Qd5 14. Qc2 Be6 15. Bd3
Rad8 16. O-O Kh8 17. exf6 gxf6 18. Ng3 Bg8 19. b4 Rfe8 20. Be4 Qd7 21. Rad1 Bd5
22. Bf5 Be6 23. Bxh7 Bxc5 24. Bg6 Rg8 25. bxc5 Bg4 26. Bf5 Bxf5 27. Qxf5 Qf7
28. Qh3+ Qh7 29. Qxh7+ Kxh7 30. Ne2 1-0

[Event "II Open Alfa Lum A"]
[Site "Cagliari ITA"]
[Date "2010.09.05"]
[Round "6"]
[White "Pani, Giovanni"]
[Black "Rocco, Luciano"]
[Result "1-0"]
[WhiteElo "1434"]
[BlackElo "1713"]
[PlyCount "89"]
[EventDate "2010.09.03"]

1. e4 c5 2. Nf3 d6 3. d4 cxd4 4. c3 Nf6 5. Qxd4 e5 6. Qd3 Nc6 7. Bg5 Be7 8.
Bxf6 Bxf6 9. Nbd2 O-O 10. Qc2 Be6 11. Bc4 d5 12. exd5 Bxd5 13. O-O-O Bxc4 14.
Nxc4 Qc7 15. Ne3 Rac8 16. Nd5 Qd8 17. Nxf6+ Qxf6 18. Kb1 Qg6 19. Qxg6 fxg6 20.
Rd2 Rc7 21. Ng5 Re7 22. Ne4 b6 23. Rhd1 h6 24. f3 a5 25. a4 g5 26. h3 Ree8 27.
Rd6 Rd8 28. Kc2 Rc8 29. Kb3 Rfe8 30. Rd7 Red8 31. Rxd8+ Nxd8 32. Rd6 Rb8 33.
Kc4 Nf7 34. Rd7 Kf8 35. Kb5 Ke8 36. Rc7 Rd8 37. Kxb6 Nd6 38. Rxg7 Nc4+ 39. Kc7
Rd1 40. b3 Ne3 41. Kb6 Nxg2 42. Kxa5 Rd3 43. b4 Rxf3 44. b5 Rxh3 45. b6 1-0

[Event "II Open Alfa Lum A"]
[Site "Cagliari ITA"]
[Date "2010.09.05"]
[Round "6"]
[White "Pannella, Antonello"]
[Black "Massa, Gianluca"]
[Result "0-1"]
[WhiteElo "1535"]
[BlackElo "1691"]
[PlyCount "80"]
[EventDate "2010.09.03"]

1. c4 e6 2. Nc3 Nf6 3. e4 d6 4. d4 Be7 5. Nf3 O-O 6. Bd3 c5 7. d5 exd5 8. exd5
Bg4 9. Bf4 a6 10. Be2 Re8 11. O-O Bf8 12. Re1 h6 13. Nd2 Bf5 14. Qb3 Qc7 15.
Bf3 Nbd7 16. Nce4 Nxe4 17. Nxe4 g5 18. Ng3 Bg6 19. Bd2 Ne5 20. Be4 Bg7 21. Bxg6
fxg6 22. Re2 b5 23. cxb5 axb5 24. Bc3 b4 25. Bxe5 Bxe5 26. Rae1 Qf7 27. Ne4 Bd4
28. Qg3 Rxa2 29. Nf6+ Bxf6 30. Rxe8+ Kg7 31. Qxd6 Qxe8 32. Qc7+ Qf7 33. d6 Qxc7
34. dxc7 Ra8 35. Rd1 Rc8 36. Rd7+ Kf8 37. g3 Be7 38. Kg2 Ke8 39. Rd5 Rxc7 40.
Re5 Kf7 0-1

[Event "II Open Alfa Lum A"]
[Site "Cagliari ITA"]
[Date "2010.09.05"]
[Round "6"]
[White "Pannella, Leopoldo"]
[Black "Maldarelli, Lorenzo"]
[Result "0-1"]
[WhiteElo "1584"]
[BlackElo "1806"]
[PlyCount "92"]
[EventDate "2010.09.03"]

1. d4 Nf6 2. c4 c5 3. d5 e6 4. Nc3 exd5 5. cxd5 d6 6. e4 g6 7. f4 Bg7 8. Bb5+
Nfd7 9. Nf3 O-O 10. a4 Na6 11. O-O Nb4 12. Re1 Nf6 13. Be3 Ng4 14. Bd2 a6 15.
Bf1 Bd7 16. h3 Nf6 17. Na2 Nxa2 18. Rxa2 b5 19. axb5 Bxb5 20. Ba5 Qd7 21. Nd2
Rfe8 22. Bc3 Bxf1 23. Kxf1 Qb5+ 24. Kf2 Nd7 25. Qa4 Nb6 26. Qxb5 axb5 27. Rea1
Bxc3 28. Rxa8 Bd4+ 29. Kf3 Rxa8 30. Rxa8+ Nxa8 31. b3 Nb6 32. Ke2 c4 33. bxc4
bxc4 34. Nf3 Bc3 35. Kd1 Kf8 36. Kc2 Ba1 37. Kb1 Bg7 38. g4 f5 39. gxf5 gxf5
40. exf5 Nxd5 41. Ng5 Nxf4 42. Nxh7+ Ke7 43. Ng5 d5 44. Kc2 Bf6 45. Nf3 Nxh3
46. Nd2 Kd6 0-1

[Event "II Open Alfa Lum A"]
[Site "Cagliari ITA"]
[Date "2010.09.05"]
[Round "6"]
[White "Porru, Giambattista"]
[Black "Sanna, Yuri"]
[Result "1-0"]
[WhiteElo "1518"]
[BlackElo "1748"]
[PlyCount "61"]
[EventDate "2010.09.03"]

1. e4 c5 2. b3 Nc6 3. Nf3 d6 4. Nc3 g6 5. Bc4 e6 6. Bb2 Bg7 7. Rb1 Nge7 8. O-O
O-O 9. Ng5 h6 10. Nf3 d5 11. exd5 exd5 12. Bb5 Bg4 13. Na4 Bxb2 14. Rxb2 Ne5
15. Be2 Bxf3 16. Bxf3 Qd6 17. Nc3 d4 18. Ne4 Qc7 19. a3 Nf5 20. Nf6+ Kg7 21.
Ng4 Rfe8 22. Nxe5 Qxe5 23. Rb1 Rad8 24. Bxb7 d3 25. cxd3 Nd4 26. Bf3 Qg5 27.
Kh1 Qf4 28. b4 Re5 29. bxc5 Rdd5 30. Bxd5 Ne2 31. Bf3 1-0

[Event "II Open Alfa Lum A"]
[Site "Cagliari ITA"]
[Date "2010.09.05"]
[Round "6"]
[White "Saccheri, Fabio"]
[Black "Altea, Alessandro"]
[Result "1/2-1/2"]
[WhiteElo "1778"]
[BlackElo "1789"]
[PlyCount "183"]
[EventDate "2010.09.03"]

1. d4 Nf6 2. Nf3 d5 3. c4 c6 4. g3 Bf5 5. Bg2 e6 6. O-O Bd6 7. Nc3 h6 8. Re1
O-O 9. Nh4 Bh7 10. e4 dxe4 11. Nxe4 Nxe4 12. Bxe4 Bxe4 13. Rxe4 Nd7 14. Re1 Nf6
15. Nf3 c5 16. Be3 Rc8 17. Qc2 Qc7 18. b3 Rfd8 19. Rad1 a6 20. a4 Qc6 21. Ne5
Qc7 22. Nf3 Qc6 23. Nh4 Qb6 24. Ng2 Ng4 25. dxc5 Nxe3 26. Nxe3 Bxc5 27. Kg2
Rxd1 28. Nxd1 Rd8 29. Nc3 Qc6+ 30. f3 Ba7 31. Ne4 Rd4 32. Rd1 Qd7 33. Rxd4 Qxd4
34. Qd2 Qg1+ 35. Kh3 Qf1+ 36. Qg2 Qd3 37. Nd2 Be3 38. Nf1 Qxb3 39. Nxe3 Qxe3
40. f4 Qb6 41. Qd2 Qc7 42. Qd4 Kh8 43. c5 Kg8 44. Kg4 g6 45. h4 h5+ 46. Kf3 Kf8
47. g4 hxg4+ 48. Kxg4 Ke7 49. Kg5 Qd8 50. Qb4 Ke8+ 51. Kh6 Qxh4+ 52. Kg7 Qe7
53. Qd4 Qf8+ 54. Kh7 Qe7 55. Qh8+ Kd7 56. Qb8 Kc6 57. Qc8+ Kd5 58. Qb8 Kxc5 59.
Qe5+ Kc6 60. Qe4+ Kc7 61. Qc4+ Kd8 62. Qd4+ Qd7 63. Qb6+ Ke8 64. Qb4 b5 65.
axb5 Qxb5 66. Qe4 Qd5 67. Qa4+ Kf8 68. Qb4+ Ke8 69. Qa4+ Qb5 70. Qe4 Ke7 71.
Qa8 Kf6 72. Qd8+ Kf5 73. Qc7 f6 74. Qf7 Kxf4 75. Qxf6+ Qf5 76. Qd4+ Kg5 77.
Qe3+ Kf6 78. Qc3+ e5 79. Qc6+ Qe6 80. Qf3+ Kg5 81. Qg3+ Kh5 82. Qh2+ Kg4 83.
Qg2+ Kf5 84. Qf3+ Kg5 85. Qg3+ Kf6 86. Qf3+ Qf5 87. Qc6+ Ke7 88. Qc7+ Qd7 89.
Qxe5+ Kf8+ 90. Kxg6 Qe8+ 91. Qxe8+ Kxe8 92. Kf5 1/2-1/2